01133nam a2200217Ia 4500008004100000020001500041041001200056082001600068100001800084245004600102250000800148260002500156300001000181650001900191942000700210999001500217952016100232952017000393952018200563952017000745221030s9999 xx 000 0 und d a0070616760 aEnglish a105.23bVee aT. Veerarajan 0aEngineering Mathematicscby T. Veerarajan a5th bTMHaNew Delhic2006 a9.118 aBE Mathematics cBK c3357d3357 pBE 8463g499.00l0o105.23 Veer2024-06-13 00:00:00w2022-10-30yBK003Print4071aMIETLIBbMIETLIBcBL-Second, FL-1, CUP-17, SH-3, R-3d2006-11-1010HBE pBE 8464g275.00l0o105.23 Veer2024-06-13 00:00:00w2022-10-30yBK003Print4070aMIETLIBbMIETLIBcBL-Academic Block C, FL-2, CUP-6, SH-4, R-4d2006-11-1010HBE pBE 8465g275.00l1o105.23 Veer2025-10-09 00:00:00s2025-09-30w2022-10-30yBK003Print4070aMIETLIBbMIETLIBcBL-Academic Block C, FL-2, CUP-6, SH-4, R-4d2006-11-1010HBE pBE 8466g275.00l0o105.23 Veer2024-06-13 00:00:00w2022-10-30yBK003Print4070aMIETLIBbMIETLIBcBL-Academic Block C, FL-2, CUP-6, SH-2, R-2d2006-11-1010HBE